UFC Fighters by Picture #1 - Statistics

General Stats
  • This quiz has been taken 666 times
  • The average score is 13 of 16
Answer Stats
Picture Answer % Correct
Jon Jones
93%
Ilia Topuria
89%
Max Holloway
89%
Tom Aspinall
89%
Demetrious Johnson
85%
Khamzat Chimaev
85%
Leon Edwards
84%
Alex Pereira
83%
Dricus Du Plessis
83%
Charles Oliveira
81%
Dustin Poirier
81%
Islam Makhachev
81%
Belal Muhammad
77%
Jiri Prochazka
74%
Merab Dvalishvili
71%
GSP
64%
No matching quizzes found
Score Distribution
Percent of People with Each Score
Percentile by Number Answered
Your Score History
You have not taken this quiz